000 00329 a2200157 4500
001 182475
020 _a85-85940-76-X
040 _cMagnum
100 _aAzevedo, Álvares de
240 1 0 _aNoite na taverna
_lpor
245 1 0 _aNoite na taverna
300 _a73
362 0 _a1997
697 _aLITERATURA GERAL
942 _cBK
999 _c182475
_d182475